| 000 | 00431cam a2200181ua 4500 | ||
|---|---|---|---|
| 020 | _cRs 0.50 | ||
| 041 |
_amal _h |
||
| 082 |
_a894.8121 _bKUM/PU |
||
| 100 | _aKumaranasan, . | ||
| 245 |
_aPushpavadi / _cKumaranasan. _hTextual Documents |
||
| 250 |
_a15 / _b. |
||
| 260 |
_aThonnakkal : _bSarada Book Depot , _c1962. |
||
| 300 | _a32 ; . | ||
| 365 | _aRs 0.50 | ||
| 504 | _a | ||
| 942 | _cBK | ||
| 999 |
_c4027 _d4027 |
||